I miei ultimi rocordi (Record no. 160254)

MARC details
000 -LEADER
campo de control de longitud fija 00597nam a22001695i 4500
001 - NÚMERO DE CONTROL
campo de control 160254
003 - IDENTIFICADOR DE NÚMERO DE CONTROL
campo de control ES-MaACL
005 - FECHA Y HORA DE LA ÚLTIMA TRANSACCIÓN
campo de control 20230906211959.0
008 - DATOS DE LONGITUD FIJA--INFORMACIÓN GENERAL
campo de control de longitud fija 040924s1868 it |||| | ita d
040 ## - FUENTE DE CATALOGACIÓN
Centro catalogador/agencia de origen CAM
Lengua de catalogación spa
Centro/agencia transcriptor CAM
100 1# - ENTRADA PRINCIPAL--NOMBRE DE PERSONA
Nombre de persona Mortillaro, Vincenzo.
9 (RLIN) 130224
245 12 - MENCIÓN DEL TÍTULO
Título I miei ultimi rocordi
Resto del título : continuazione delle reminiscenze di miei tempi /
Mención de responsabilidad, etc. per Vincenzo Mortillaro, marchese di Villarena.
260 ## - PUBLICACIÓN, DISTRIBUCIÓN, ETC.
Lugar de publicación, distribución, etc. Palermo :
Nombre del editor, distribuidor, etc. [s.n.],
Fecha de publicación, distribución, etc. 1868 (
Fabricante Tipografia di Pietro Pensante)
300 ## - DESCRIPCIÓN FÍSICA
Extensión XII, 296 p. ;
Dimensiones 27 cm.
752 ## - ENTRADA AGREGADA--NOMBRE JERÁRQUICO DEL LUGAR
País o entidad superior Italia -
Ciudad Palermo
852 ## - LOCALIZACIÓN
Ubicación ES-MaACL
Número de control de estantería G-6385
Nota libre -- Enc. hol.
Holdings
Estatus retirado Estado de pérdida Estado de daño No para préstamo Colección Biblioteca de origen Biblioteca actual Ubicación en estantería Fecha de adquisición Fuente de adquisición Total de préstamos Signatura topográfica completa Código de barras Visto por última vez Precio de reemplazo Tipo de ítem Koha
        Libros del s. XIX Biblioteca del Ateneo de Madrid Biblioteca del Ateneo de Madrid Depósito 2 17/01/2008     G-6385 1167798 23/02/2023 23/02/2023 Libro impreso antiguo